00384cam a22001217a 4500008004000000082001600040100002300056245009500079260002500174300001400199650001300213650003600226180718b1966 xxu||||| |||| 00| 0 eng d aA99 N988s/1 aNyerere, Julius K. aFreedom and unity: a selection from writings and speeches 1952- 1965cby Julius K. Nyerere aLondonbOxfordc1966 axii, 366p aTanzania aAfrica -Politics and government